All Countries Starting With I - Statistics

General Stats
  • This quiz has been taken 20 times
  • The average score is 7 of 8
Answer Stats
Answer % Correct
Iceland
100%
Indonesia
100%
India
94%
Iran
89%
Iraq
89%
Ireland
89%
Israel
83%
Italy
72%
No matching quizzes found
Score Distribution
Percent of People with Each Score
Percentile by Number Answered
Your Score History
You have not taken this quiz